000 00485nmm a2200157Ia 4500
008 251105s9999||||xx |||||||||||||||||und||
041 _aspa
100 _aPortero, Raúl
245 0 _aLa piel gruesa :
_b Una reflexión queer sobre la «violencia de género»
264 _a[Madrid, España] :
_bEditorial Egales,
_c2018
300 _a134 páginas
490 _aNarrativa
650 _aSpanish narrative
856 _uhttps://public.digitaliapublishing.com/a/160865
942 _cCF
999 _c100130
_d100130